| 000 | 00411nam a2200157Ia 4500 | ||
|---|---|---|---|
| 003 | GCL | ||
| 008 | 140319s9999 xx 000 0 eng d | ||
| 040 |
_aGCL / _cGCL |
||
| 082 | 0 | 4 |
_a551.46 _bT F |
| 100 | 1 | _aTHURMAN, HAROLD V. | |
| 245 | 1 | 0 |
_aESSENTIALS OF OCEANOGRAPHY / _cTHURMAN, HAROLD V. |
| 260 |
_a[S.N] : _bPRENTICE HALL, INC ، _c1996 |
||
| 300 | _a339 P | ||
| 650 | 0 | 4 | _aOCEANOGRAPHY |
| 942 |
_2ddc _cBK |
||
| 999 |
_c13307 _d13307 |
||